Rozvojové programy československé soustavy VTEI 1970-1995

Guardado en:
Detalles Bibliográficos
Autor principal: Vejsová, Anna
Otros Autores: Vítková, Hana, Pospíšil, Josef
Formato: Libro
Lenguaje:checo
Publicado: Praha Ústředí vědeckých, technických a ekonomických informací 1986
Colección:Studijní texty 15
Etiquetas: Agregar Etiqueta
Sin Etiquetas, Sea el primero en etiquetar este registro!

MARC

LEADER 00000nam a2200000 4500
001 c106210
005 20190620112256.7
041 0 |a cze 
044 |a CZ 
245 1 0 |a Rozvojové programy československé soustavy VTEI 1970-1995  |c Anna Vejsová, Hana Vítková, Josef Pospíšil 
264 1 |a Praha  |b Ústředí vědeckých, technických a ekonomických informací  |c 1986 
300 |a 188 s. 
490 1 |a Studijní texty  |v 15 
830 0 |a Studijní texty  |v 15 
100 1 |a Vejsová, Anna 
700 1 |a Vítková, Hana 
700 1 |a Pospíšil, Josef